000 00991nam a22003137a 4500
001 BR7801670
003 BR-BrBNA
005 20230928085545.0
007 ta
008 230509b bl.||||| |||| 00| 0 por d
040 _aBR-BrBNA
_bpor
_cBiblioteca Nacional de Agricultura
041 _a(Por)
072 _aL00; L30; N10
_b5212
_b4430
_b/G514
090 _ 5212 BR7801670
110 1 _aSecretaria de Agricultura do Estado do Rio de Janeiro, RJ (Brasil). Depto. de Informacao Rural
_98609
245 1 _aMistura melaco-ureia na engorda de novilhos em confinamento; projeto para construcao de piquete para 100 animais [Rio de Janeiro, Brasil]
260 3 _aRio de Janeiro, RJ (Brasil):
_c[nd].
300 _a6 p.
500 _a6 illus.; Published 1978?
650 _aBOVINO
650 _aMELACO
650 _aUREIA
650 _aCONFINAMENTO
650 _aGANHO DE PESO
650 _aCUSTO
650 _aRIO DE JANEIRO
909 _a202309
_bLucia
_c55
_dLucia Elande
942 _cBK
999 _c25079
_d25079